[Event "Top 12 FRA-chT 2017"]
[Site "Chartres"]
[Date "2017.05.22"]
[Round "5"]
[White "Rambaldi, Francesco"]
[Black "Vidal, Llewellyn"]
[Result "1/2-1/2"]
[WhiteElo "2542"]
[BlackElo "2193"]
[Annotator "TA"]
[PlyCount "118"]
[EventDate "2017.??.??"]
[EventType "team-tourn"]
[EventCountry "FRA"]
[SourceTitle "playchess.com"]
[Source "ChessBase"]
[SourceQuality "1"]
[WhiteTeam "Nice Alekhine"]
[BlackTeam "Montpellier"]

{[%evp 21,118,28,34,24,30,23,28,22,29,22,22,21,25,22,22,15,15,15,26,0,26,10,11,8,11,0,27,0,0,-6,-8,-37,-37,-37,-37,-37,-37,-69,-70,-66,-72,-67,-65,-61,-12,-10,-4,-4,-4,-4,0,0,0,0,0,0,0,0,0,0,0,0,0,0,0,0,0,0,0,0,0,0,0,0,0,0,0,0,0,0,0,0,0,0,0,0,0,0,0,0,0,0,0,0,0,0,0,-8,8]} 1. e4 c6 2. Nf3 d5 3. Nc3 Bg4 4. h3 Bxf3 5. Qxf3 Nf6 6. Be2 e6 7. O-O Nbd7 8. d4 {B11: Caro-Kann: Two Knights Variation} dxe4 9. Nxe4 Nxe4 10. Qxe4 Nf6 11. Qd3 Be7 {LiveBook: 25 Games} (11... Bd6 12. a4 Qe7 13. a5 a6 14. Rd1 Rd8 15. Qf3 h6 {1-0 (53) Vachier Lagrave,M (2803)-Agrest,E (2593) chess.com INT 2017}) 12. c3 O-O 13. a4 $146 ({Predecessor:} 13. Bd1 c5 14. Be3 cxd4 15. Qxd4 {½-½ (32) Rade,M (2432)-Pikula,D (2465) Bol 2015}) 13... a5 14. Qg3 Bd6 15. Qf3 Nd5 16. Bd3 Qf6 17. Qxf6 Nxf6 18. Bd2 Rfd8 19. Rad1 Rd7 20. Bc2 Nd5 21. g3 g6 22. Kg2 Be7 23. Rfe1 h5 24. Bb3 Bf6 25. f4 Rb8 26. Bc1 b5 27. axb5 cxb5 28. Bd2 a4 29. Bc2 Rc7 30. Bd3 a3 31. bxa3 Nxc3 32. Rc1 Rbc8 33. Rc2 {The position is equal.} Bxd4 (33... Be7 {keeps more tension.} 34. Ra1 Bd6 35. h4 Kg7 36. Bxc3 Rxc3 37. Rxc3 Rxc3 38. Bxb5 Bxa3 39. Rd1 Kf6) 34. Rec1 Rc5 35. Bxc3 Rxc3 36. Rxc3 Rxc3 37. Rxc3 Bxc3 38. Bxb5 $11 {[%mdl 4096] Endgame KB-KB} e5 39. Kf3 f5 40. a4 e4+ 41. Ke2 Kf7 42. g4 hxg4 43. hxg4 g5 44. gxf5 gxf4 45. Bc6 e3 46. Kf3 Kf6 47. Be4 Ba5 48. Bd3 Ke5 49. Kg4 Bd8 50. Be2 Ke4 51. Bf3+ Ke5 52. Bd1 Ba5 53. Be2 Bb6 54. Bf3 Bd8 55. Be2 Bb6 56. Bf1 f3 57. Kxf3 Kxf5 58. Ke2 Ke4 59. Kd1 e2+ {Precision: White = 68%, Black = 75%.} 1/2-1/2

[Event "Top 12 FRA-chT 2017"]
[Site "Chartres"]
[Date "2017.05.22"]
[Round "5"]
[White "Shchekachev, Andrei"]
[Black "Apicella, Manuel"]
[Result "1/2-1/2"]
[WhiteElo "2538"]
[BlackElo "2515"]
[Annotator "TA"]
[PlyCount "140"]
[EventDate "2017.??.??"]
[EventType "team-tourn"]
[EventCountry "FRA"]
[SourceTitle "playchess.com"]
[Source "ChessBase"]
[SourceQuality "1"]
[WhiteTeam "Tremblay-En-France"]
[BlackTeam "Grasse Echecs"]

{[%evp 17,140,44,70,73,92,97,110,102,110,112,126,104,112,112,106,99,113,110,106,98,119,130,113,112,107,104,101,115,112,87,77,67,70,41,72,43,48,33,43,16,16,16,16,16,16,15,28,16,20,20,21,10,7,2,18,4,18,16,28,26,145,143,122,135,158,131,159,154,298,178,172,156,153,84,245,228,256,250,254,225,247,35,217,147,230,116,264,38,68,0,0,0,0,0,0,0,0,0,0,0,0,0,0,0,0,0,0,0,8,8,8,8,8,8,5214,0,8,21,14,43,48,0,0,0,705]} 1. Nf3 Nf6 2. c4 g6 3. Nc3 Bg7 4. e4 d6 5. d4 {[%cal Bd2d4,Bd4d5][%mdl 32]} O-O 6. Be2 Nbd7 7. O-O e5 8. Be3 Re8 9. Qc2 c6 10. d5 {E94: King's Indian: Classical: 6 Be2 e5 7 0-0: Various Black 7th moves} c5 11. Ne1 h5 $146 ({Predecessor:} 11... Rf8 12. Nd3 Ne8 13. f4 exf4 14. Bxf4 Qe7 15. Qd2 a6 16. Bg5 Bd4+ 17. Be3 Nef6 {½-½ (38) Haugli,P (2318)-David,A (2605) Rethymno 2012}) 12. Rb1 {White is better.} Ng4 13. Bd2 Nf8 14. f3 Nh6 15. Qc1 Kh7 16. b4 b6 17. bxc5 bxc5 18. Nd3 f5 19. Bg5 Qc7 20. Nb5 Qd7 21. Bd1 a6 22. Nc3 {Hoping for Ba4.} Qc7 23. Bd2 f4 24. Ba4 Bd7 25. Qb2 Reb8 26. Qc2 Nf7 27. Bxd7 Nxd7 28. Rxb8 (28. Rb3 {looks sharper.} g5 29. Rfb1 Rxb3 30. axb3 Rb8 31. Nf2) 28... Rxb8 29. Rb1 Rxb1+ 30. Nxb1 Qb7 31. Qb3 Nd8 32. Be1 Bf6 33. Nd2 Kg7 34. Qc2 Nf7 35. Nb3 Bd8 36. g3 $36 {[%mdl 2048] White is pushing.} fxg3 37. hxg3 Nf6 38. Kg2 Qd7 {[#]} (38... Qe7 $11 {remains equal.}) 39. Nbxc5 $1 {[%mdl 512]} dxc5 40. Nxc5 Qc8 41. Ne6+ {[%mdl 1024] White has strong compensation.} Kg8 42. c5 Nh7 (42... Ne8 $16 {might work better.} 43. c6 Nc7) 43. Qa4 (43. Nxd8 $142 Qxd8 44. c6) 43... Nf6 $18 44. Bf2 g5 45. c6 Ne8 $2 (45... Be7 $16 {was worth a try.}) 46. Qb4 {White threatens Qf8+ and mate.} Ned6 47. Bc5 a5 48. Qb2 Be7 49. c7 $2 ({Better is} 49. f4 $18 gxf4 50. gxf4) 49... Kh7 $2 (49... Qa6 $1 $14) 50. Qe2 {aiming for f4.} Qb7 (50... Bf6 $16 {was necessary.} 51. Qc2 Qb7) 51. Qc2 (51. f4 $18 g4 52. fxe5 Nxe5 53. Qc2) 51... Qa6 (51... Bf6 $16 52. Kg1 a4) 52. Bf2 $2 (52. f4 $1 $18 {[%cal Rf4e5]} gxf4 53. gxf4) 52... Nc8 $1 $14 53. Qa4 (53. Be3 $14) 53... Nfd6 $11 54. Qd7 {And now Nxg5+ would win.} g4 $1 {[%cal Rg4f3]} 55. Ng5+ Kg7 56. fxg4 {Threatens to win with Ne6+.} Qe2 57. gxh5 {g4 is the strong threat.} Nxe4 58. Nxe4 Qxe4+ 59. Kh2 Qc2 60. Kg1 Qb1+ $1 61. Kh2 Qc2 62. Qg4+ (62. Kg2 $5 {[%cal Rd7c8]} Qe4+ 63. Kg1 Qb1+ 64. Kg2 Qe4+ $16) 62... Kh7 (62... Kh8 $5 {[%cal Rc2f2]} 63. Qxc8+ Kh7 $16) 63. Kg2 Qxc7 64. Qg6+ Kh8 65. Qe8+ Kg7 $2 {[%mdl 8192] [#]} (65... Kh7 $11) 66. Qg6+ $2 ({White must play} 66. h6+ $1 $18 {[%mdl 512]} Kxh6 67. Qh8+ Kg6 68. Qg8+ Kf6 69. g4) 66... Kh8 67. Qh6+ Kg8 68. Qe6+ Kh8 69. Qg6 Bf8 70. h6 (70. Qe8 $5 {[%cal Re8f8]} Kg8 71. Qe6+ Kh7 72. Qf5+ Kg8 73. Qg6+ Kh8 74. Qe8 $16) 70... Bd6 $2 {[%mdl 40960] Precision: White = 47%, Black = 48%. . An unexpected result.} (70... Nd6 $11) 1/2-1/2

[Event "Top 12 FRA-chT 2017"]
[Site "Chartres"]
[Date "2017.05.22"]
[Round "5"]
[White "Rozentalis, Eduardas"]
[Black "Van Foreest, Jorden"]
[Result "0-1"]
[WhiteElo "2535"]
[BlackElo "2595"]
[Annotator "TA"]
[PlyCount "56"]
[EventDate "2017.??.??"]
[EventType "team-tourn"]
[EventCountry "FRA"]
[SourceTitle "playchess.com"]
[Source "ChessBase"]
[SourceQuality "1"]
[WhiteTeam "Strasbourg"]
[BlackTeam "Clichy"]

{[%evp 9,56,26,37,23,44,46,44,46,58,38,38,37,37,35,38,28,43,36,47,9,18,9,8,0,0,-23,-19,-74,-56,-87,-75,-80,-30,-22,-29,-14,-13,-148,-133,-449,-423,-543,-547,-509,-509,-29975,-29977,-29978,-29977]} 1. e4 e5 2. Nf3 Nc6 3. Bb5 Nf6 4. d3 {[%cal Bd2d3,Bd3d4,Bd4d5][%mdl 32]} d6 5. O-O Bd7 6. Re1 {C66: Ruy Lopez: Steinitz Defence} g6 7. d4 Bg7 8. d5 {White is slightly better.} Ne7 9. Bxd7+ (9. Bd3 {keeps more tension.} O-O 10. c4 a6 11. Nc3 Nh5 12. h3) 9... Nxd7 10. c4 h6 11. Nc3 O-O 12. Rb1 f5 13. b4 {[#]} Nf6 $146 14. Ba3 a5 15. bxa5 Nxe4 16. Nxe4 fxe4 17. Rxe4 Rxa5 18. Qb3 (18. Bc1 $11 {keeps the balance.}) 18... Qa8 $17 19. Bc1 Rxa2 20. Qxb7 Qxb7 $40 {[%mdl 128] Black is up to no good.} 21. Rxb7 Ra1 22. Re1 e4 {[%cal Be5e4,Be4f3][%mdl 32]} 23. Rxc7 {[#]} (23. Bb2 $1 $11 Bxb2 24. Rxb2) 23... Nf5 $1 24. g4 $2 {[%mdl 8192]} (24. Rxg7+ $17 {is tougher.} Nxg7 25. Nd4) 24... exf3 $19 25. gxf5 {Black must now prevent Rxg7+!} Bc3 26. Rf1 {[#]} Rb8 $1 {[%cal Rb8b1] ...Rbb1 is the strong threat.} 27. f6 (27. h4 $19 Rbb1 28. Kh2 Rxc1 29. Rxc1 Be5+ 30. Kh3 Rxc1 31. Kg4 h5+ 32. Kxf3 gxf5 33. Ke2) 27... Rbb1 (27... Bxf6 $2 28. c5 $19) 28. f7+ Kf8 {Precision: White = 24%, Black = 88%.} 0-1

[Event "Top 12 FRA-chT 2017"]
[Site "Chartres"]
[Date "2017.05.22"]
[Round "5"]
[White "Bailet, Pierre"]
[Black "Ragger, Markus"]
[Result "1/2-1/2"]
[WhiteElo "2519"]
[BlackElo "2680"]
[Annotator "TA"]
[PlyCount "44"]
[EventDate "2017.??.??"]
[EventType "team-tourn"]
[EventCountry "FRA"]
[SourceTitle "playchess.com"]
[Source "ChessBase"]
[SourceQuality "1"]
[WhiteTeam "Vandoeuvre"]
[BlackTeam "Bischwiller"]

{[%evp 28,44,6,13,8,8,14,8,9,12,12,0,12,8,10,14,19,31,34]} 1. e4 e5 2. Nf3 Nc6 3. Bb5 a6 4. Ba4 Nf6 5. O-O Be7 6. Re1 b5 7. Bb3 d6 8. c3 O-O 9. h3 Na5 10. Bc2 c5 11. d4 Nd7 12. b3 exd4 {C96: Closed Ruy Lopez: Chigorin Defence: 11 d4, replies other than 11...Qc7} 13. cxd4 Nc6 14. Bb2 cxd4 15. Nxd4 {LiveBook: 3 Games} Nxd4 16. Bxd4 ({Reject} 16. Qxd4 Bf6 $17) 16... Bf6 17. Nc3 Bb7 18. Rc1 Rc8 19. Bb1 Re8 (19... Bg5 $5 {[%cal Rg5c1]} 20. Rc2 Qa5 $11) (19... b4 20. Ne2 Rxc1 21. Qxc1 {½-½ (31) Kulaots,K (2566)-Howell,D (2671) Gjakova 2016}) 20. Bxf6 Nxf6 {[#]} 21. Qd4 $146 Qe7 22. Rcd1 Qe5 1/2-1/2

[Event "Top 12 FRA-chT 2017"]
[Site "Chartres"]
[Date "2017.05.22"]
[Round "5"]
[White "Sokolov, Andrei"]
[Black "Koziak, Vitali"]
[Result "1/2-1/2"]
[WhiteElo "2519"]
[BlackElo "2507"]
[Annotator "TA"]
[PlyCount "25"]
[EventDate "2017.??.??"]
[EventType "team-tourn"]
[EventCountry "FRA"]
[SourceTitle "playchess.com"]
[Source "ChessBase"]
[SourceQuality "1"]
[WhiteTeam "Mulhouse Philidor"]
[BlackTeam "Bois-Colombes"]

{[%evp 18,25,16,0,8,0,0,0,2,0]} 1. e4 e5 2. Nf3 Nc6 3. Bb5 a6 4. Ba4 Nf6 5. O-O Be7 6. d3 b5 7. Bb3 O-O 8. a4 Bb7 9. axb5 {C84: Closed Ruy Lopez: Unusual White 6th moves} (9. Bd2 d5 10. exd5 Nxd5 11. axb5 axb5 12. Rxa8 Bxa8 13. Nc3 Nxc3 14. Bxc3 Bf6 {½-½ (14) Grandelius,N (2644)-Nielsen,P (2654) Sweden 2016}) 9... axb5 10. Rxa8 {LiveBook: 6 Games. The position is equal.} Qxa8 11. Bg5 h6 12. Bh4 d6 $146 ({Predecessor:} 12... b4 13. Nbd2 d6 14. Nc4 Qa6 15. Qd2 {0-1 (80) Pogliano Ventola,M-Berna,S (1897) ICCF email 2013}) 13. Nc3 1/2-1/2

[Event "Top 12 FRA-chT 2017"]
[Site "Chartres"]
[Date "2017.05.22"]
[Round "5"]
[White "Sanikidze, Tornike"]
[Black "Van Wely, Loek"]
[Result "1-0"]
[WhiteElo "2518"]
[BlackElo "2663"]
[Annotator "TA"]
[PlyCount "69"]
[EventDate "2017.??.??"]
[EventType "team-tourn"]
[EventCountry "FRA"]
[SourceTitle "playchess.com"]
[Source "ChessBase"]
[SourceQuality "1"]
[WhiteTeam "Strasbourg"]
[BlackTeam "Clichy"]

{[%evp 16,69,17,16,13,15,14,2,12,10,9,12,8,8,8,16,16,16,15,14,33,30,28,19,15,12,13,6,14,11,13,-27,-35,-47,-62,-145,-23,-196,-204,-195,584,584,562,521,1570,379,362,386,363,366,324,22,437,409,29992,29993]} 1. d4 d5 2. c4 c6 3. Nf3 Nf6 4. cxd5 cxd5 5. Nc3 Nc6 6. Bf4 Bf5 7. Qb3 Na5 8. Qa4+ Bd7 9. Qc2 Rc8 {D14: Slav Defence: Exchange variation with ...Bf5} (9... e6 10. e3 Nh5 11. Bg5 f6 12. Bh4 g5 13. g4 gxh4 14. gxh5 Bb4 15. Bd3 Qe7 16. a3 Bxc3+ 17. Qxc3 {0-1 (79) Aronian,L (2795)-Giri,A (2755) Moscow 2016}) 10. e3 g6 11. h3 Bg7 {The position is equal.} 12. Bd3 Ne4 $146 ({Predecessor:} 12... b5 13. a3 Nc4 14. O-O O-O 15. Rfc1 a6 {1-0 (49) Zhou,W (2590)-Ma,Q (2559) Xinghua 2013}) 13. Bxe4 dxe4 14. Ne5 ({But not} 14. Qxe4 Rxc3 15. Be5 (15. bxc3 $2 {too greedy.} Bf5 $19) 15... Bxe5 $1 $17 {[%mdl 512]}) 14... f5 15. O-O O-O 16. Rfd1 Bb5 17. b3 Bxe5 18. Bxe5 Bd3 19. Qb2 Nc6 20. Bf4 e6 21. Bh6 {Threatens to win with d5.} Rf7 22. Rac1 Qf6 {...g5 is the strong threat.} (22... Qh4 $5 {[%cal Rh4h6]} 23. Bf4 Rd8 $11) 23. f4 Rfc7 24. Kh2 Nb4 25. Rd2 {[#]} ({White should try} 25. Qd2 $15) 25... Ba6 ({Better is} 25... Bb5 $1 $17 {[%mdl 512] aiming for ...Nd3.} 26. Ne2 (26. Nxb5 Rxc1) 26... Rxc1 27. Nxc1 Nd5) 26. Ne2 $2 (26. d5 $1 $11 Nd3 27. Rxd3 exd3 28. d6) 26... Rxc1 $19 27. Nxc1 Qh4 $4 {[%mdl 8192]} (27... Nd5 $19 28. Rc2 Re8) 28. Bg5 $18 Qe1 {[#]} 29. d5 $1 {[%mdl 512]} Qxc1 {[#]} (29... Nxd5 30. Qe5) 30. Qf6 $1 {[%mdl 512]} Rf8 (30... Qxd2 31. Qxe6+ Kg7 32. Qd7+ Kg8 33. Qxc8+ Kg7 34. Qd7+ Kg8 35. Bh6 Qxg2+ 36. Kxg2 Bf1+ 37. Kxf1 Nxa2 38. Qg7#) 31. Qxe6+ Rf7 {[#]} 32. Bh6 $1 {[%mdl 512] Qe8+ would kill now.} Bb5 {[#] And now ...Nd3 would win.} 33. Rd4 $2 (33. Qd6 $1 $18 {[%mdl 512] White wants to mate with Qd8+.} Qc8 34. Qxb4) 33... Bd7 $2 {[%mdl 8192] [#]} ({Not} 33... Nxa2 34. Rc4 $1 {[%mdl 512]} Bd7 35. Qd6 Qa3 36. b4 Qxb4 37. Rxb4 Rg7 38. Bxg7 Kxg7 39. Rxb7 h6 40. Rxd7+ Kh8 41. Qf8#) (33... Qc5 $1 $11 {and Black has nothing to worry.}) 34. Qd6 $1 b5 {[#]} (34... Qc8 $18) 35. Rc4 $1 {[%mdl 512] Precision: White = 55%, Black = 45%.} 1-0

[Event "Top 12 FRA-chT 2017"]
[Site "Chartres"]
[Date "2017.05.22"]
[Round "5"]
[White "Vernay, Clovis"]
[Black "Ider, Borya"]
[Result "0-1"]
[WhiteElo "2501"]
[BlackElo "2456"]
[Annotator "TA"]
[PlyCount "150"]
[EventDate "2017.??.??"]
[EventType "team-tourn"]
[EventCountry "FRA"]
[SourceTitle "playchess.com"]
[Source "ChessBase"]
[SourceQuality "1"]
[WhiteTeam "Bois-Colombes"]
[BlackTeam "Mulhouse Philidor"]

{[%evp 24,150,0,0,19,0,0,0,0,-8,87,86,84,81,70,47,80,79,106,68,47,25,114,120,122,96,95,98,112,13,97,0,0,0,0,-10,0,0,0,0,0,0,0,0,0,0,0,0,0,-274,0,-210,-43,-210,-28,-38,0,0,14,0,14,-17,14,0,0,0,0,-28,-41,-27,-34,-666,-123,-244,1387,1318,1526,1483,1861,1808,1753,1639,1503,1448,29980,29981,29981,29982,29984,29985,29985,29977,29977,29976,29978,29979,29981,0,29991,29976,29985,29983,29968,0,29983,29979,29979,0,29980,0,29973,0,29971,0,29985,1116,1109,972,29991,29982,29995,29981,29984,29985,29981,5149,29983,1153,944]} 1. d4 e6 2. c4 Bb4+ 3. Nd2 c5 4. e3 cxd4 5. exd4 Nf6 6. Ngf3 O-O 7. a3 Be7 8. Bd3 b6 9. O-O d5 10. b3 Bb7 11. Bb2 Nbd7 12. Qe2 Rc8 {E11: Bogo-Indian} 13. Rfe1 {LiveBook: 5 Games} (13. Rac1 Rc7 14. Rfe1 Qa8 15. h3 Rfc8 16. g4 a5 17. a4 Bb4 18. Ng5 Bxd2 19. Qxd2 h6 20. Nxe6 fxe6 21. Rxe6 {0-1 (34) Olszewski,M (2550)-Tomczak,J (2601) Trzcianka 2016}) 13... Rc7 14. Qe3 a5 $146 {The position is equal.} ({Predecessor:} 14... Ne8 15. Rac1 Bd6 16. Ne5 dxc4 17. Nxd7 Rxd7 18. bxc4 Nf6 19. Qh3 h6 20. d5 {0-1 (44) Szuhanek,R (2265)-Mackic,Z (2340) Nis 1993}) 15. Ne5 Qa8 16. Qh3 (16. Qg3 $5 {[%cal Re5f7]} Nxe5 17. dxe5 $11 (17. Qxe5 Qd8 $11)) 16... h6 (16... g6 $11) 17. Ng6 $16 Re8 18. Nxe7+ Rxe7 19. a4 Nf8 20. Nb1 (20. Re3 {keeps more tension.} Qd8 21. Rae1 N8h7 22. Rg3 Kh8 23. Ba3) 20... Ne4 21. Bxe4 dxe4 22. Nc3 Ng6 (22... Rcd7 $11) 23. Qg3 Rcd7 24. Ba3 Re8 25. Nb5 $1 Red8 26. h4 ({Better is} 26. Bd6 $16) 26... Bc6 (26... Qb8 $11 {keeps the balance.}) 27. Bb2 ({White should try} 27. h5 $16 Ne7 28. Qg4) 27... Qb8 $1 $11 28. Qxb8 Rxb8 29. g3 f5 30. Rac1 h5 31. f4 Ne7 32. Kf2 Bb7 33. Ba3 Nc6 34. Red1 (34. d5 $5 exd5 35. Bd6 $11) 34... Rbd8 {[%cal Rc6d4]} 35. Ke3 Ba6 36. Rf1 $2 {[%mdl 8192]} (36. Bb2 $1 $11) 36... Nb4 $2 ({Not} 36... Nxd4 37. Be7 $1 $17 {[%mdl 512]}) (36... Bxb5 $1 $19 37. cxb5 Nxd4) 37. Bb2 $2 (37. Bxb4 $11 axb4 38. Rcd1) 37... Kf7 $2 (37... Nd3 $19 38. Bc3 Nxc1 39. Rxc1 Kf7) 38. Bc3 $2 {[#]} (38. Rfd1 $15) 38... Nd3 $2 ({Black should play} 38... Bxb5 $1 $19 39. axb5 Na2) 39. Ra1 Rc8 (39... Bxb5 $5 40. axb5 Ke7 $15) 40. Na3 Rcd8 (40... Nc5 $5) 41. Nc2 Rc8 (41... Nc5 $5) 42. Ne1 (42. Rfd1 {seems wilder.} Rcd8 43. Ke2 Bb7 44. Ne1 Nxe1 45. Rxe1 Kg6 46. Rab1) 42... Nxe1 (42... Bxc4 $5 43. bxc4 Rxc4 $17) 43. Raxe1 Bxc4 44. bxc4 Rxc4 45. Bb2 Rxa4 46. Rc1 Rb4 47. Rc3 $2 {[%mdl 8192]} (47. Ba1 $15) 47... b5 $2 (47... Rxb2 $19 {is more deadly.} 48. Rf2 Rxf2 49. Kxf2 Rxd4) 48. Ba3 (48. Rc2 $17) 48... Rb2 $4 {[%mdl 8192]} (48... Rbxd4 $19 49. Bc5 Rd2) 49. Bxb2 $18 b4 50. Rc4 Rb7 51. d5 exd5 52. Rc5 a4 53. Rxd5 g6 54. Ra5 a3 55. Bd4 b3 56. Rxa3 b2 57. Bxb2 Rxb2 58. Ra7+ Kf6 59. Ra6+ Kg7 60. Ra7+ $2 (60. Rfa1 Rb3+ 61. Kd4 Rb4+ 62. Kc3 Rb8 63. Ra7+ Kf8 64. R1a6 Re8 65. Rf6+ Kg8 66. Rxg6+ Kh8 67. Rh6+ Kg8 68. Rxh5) 60... Kh6 $2 {[%mdl 8192]} (60... Kf6 $11 61. Rfa1 Rb3+ 62. Kd4 Rd3+ 63. Kc5 Rc3+ 64. Kb5 Rb3+ 65. Kc6 Rc3+ 66. Kb5 Rb3+ 67. Kc4 Rb6) 61. Ra3 Rg2 62. Kd4 Rd2+ 63. Ke3 $2 (63. Ke5 Rc2 64. Rb1 Rc7 65. Rb6 Kh7 66. Kf6 g5 67. hxg5 Rg7 68. Kxf5 Rf7+ 69. Kxe4 Re7+ 70. Kf5) 63... Rd7 $2 {[%mdl 8192]} (63... Rg2 $11 64. Kd4 Rd2+ 65. Ke5 Rb2) 64. Rb3 Kg7 65. Ra3 $2 (65. Rfb1 Rd6 66. Rb7+ Kf6 67. R1b6 Re6 68. Rxe6+ Kxe6 69. Rb6+ Kf7 70. Kd4) 65... Rd6 $2 {[%mdl 8192]} (65... Kh6 $11 66. Rb1 Kh7) 66. Rb3 $2 (66. Rfa1 Rb6 67. Ra7+ Kh6 68. R1a3 Rf6 69. Rc3 Rc6 70. Kd2 Rxc3 71. Kxc3) 66... Kf6 $2 {[%mdl 8192]} (66... Rd7 $11 67. Ra1 Kh6) 67. Ra3 $2 (67. Rfb1 Rc6 68. Rb7 Ke6 69. Kd2 Rc5 70. R1b6+ Kd5 71. Rd7+ Kc4 72. Rxg6) 67... Ke6 $2 {[%mdl 8192]} (67... Kg7 $11 68. Rc1 Kf7 69. Rc7+ Ke6) 68. Rb3 $2 (68. Rfa1 {mates} Rb6 69. Ra6 Rxa6 70. Rxa6+ Kf7 71. Kd4 Kg7 72. Ke5 Kf7 73. Ra7+ Ke8 74. Kd6) 68... Kd5 $2 {[%mdl 8192]} (68... Kf6 $11 69. Rc1 Ra6) 69. Rb8 (69. Rd1+ $142 Ke6 70. Rxd6+ Kxd6 71. Rb6+ Kd7 72. Rxg6 Ke8 73. Rh6 Kf7 74. Rxh5) 69... Rc6 70. Rd8+ Kc4 71. Rd7 Kc3 72. Ke2 Kc2 73. Rd2+ Kb3 74. Rd8 (74. Rb1+ $142 Ka3 75. Rb8 Rc5 76. Rb6 Rc8 77. Rxg6 Rc5 78. Rg5 Rc3 79. Rxh5) 74... Rc3 75. Kf2 (75. Rb1+ $142 Ka2 76. Rb6 Ra3 77. Rd2+ Ka1 78. Rxg6 Rc3 79. Rg5 e3 80. Rd1+ Kb2 81. Rxf5) 75... Rc2+ {[%mdl 32768] Precision: White = 33%, Black = 34%. . Loss on Time!?} 0-1

[Event "Top 12 FRA-chT 2017"]
[Site "Chartres"]
[Date "2017.05.22"]
[Round "5"]
[White "Hamitevici, Vladimir"]
[Black "Rodshtein, Maxim"]
[Result "0-1"]
[WhiteElo "2487"]
[BlackElo "2698"]
[Annotator "TA"]
[PlyCount "106"]
[EventDate "2017.??.??"]
[EventType "team-tourn"]
[EventCountry "FRA"]
[SourceTitle "playchess.com"]
[Source "ChessBase"]
[SourceQuality "1"]
[WhiteTeam "Vandoeuvre"]
[BlackTeam "Bischwiller"]

{[%evp 12,106,-38,-34,-32,-28,-31,-49,-36,-51,-60,-60,-58,-80,-70,-97,-101,-103,-96,-102,-105,-103,-101,-109,-96,-107,-94,-112,-112,-159,-145,-189,-143,-147,-143,-143,-145,-138,-146,-145,-131,-131,-123,-163,-149,-154,-154,-166,-172,-162,-147,-150,-129,-133,-156,-142,-135,-235,-239,-229,-238,-233,-235,-400,-389,-403,-382,-372,-358,-379,-329,-346,-345,-341,-339,-311,-314,-352,-233,-241,-237,-332,-295,-350,-304,-278,-228,-245,-248,-394,-304,-321,-325,-360,-357,-885,-780]} 1. c3 d5 2. f4 g6 3. Nf3 Bg7 4. g3 c6 5. Bg2 Qb6 6. Qb3 {A03: Bird's Opening with 1...d5} Nd7 7. d3 {LiveBook: 3 Games} Nh6 (7... Ngf6 8. Na3 O-O 9. Nc2 Re8 10. d4 Ne4 11. O-O Ndf6 12. Ne5 Nd6 13. Ne3 Nfe4 {0-1 (46) Shivananda,B (2298)-Kokarev,D (2639) Mumbai 2015}) 8. Na3 {Black is slightly better.} Nc5 9. Qxb6 $146 ({Predecessor:} 9. Qd1 Ng4 10. d4 Ne4 11. O-O h5 {0-1 (50) Buecker,S-Dresen,U (2260) Germany 1984}) 9... axb6 10. Nc2 Nf5 11. Kf2 O-O 12. g4 Nd6 13. h3 f6 14. Kg3 e5 15. Rd1 Re8 16. fxe5 fxe5 17. Nd2 Be6 18. Nb3 Na4 19. Nd2 Bh6 20. e3 b5 21. a3 Nc5 22. d4 exd4 23. cxd4 Nd3 24. Bf1 Nxc1 25. Raxc1 Bf7 26. Re1 Re7 27. Bd3 Rae8 {[%cal Rh6e3]} 28. Kf2 Nc4 29. Bxc4 dxc4 30. Re2 b6 31. Rce1 c5 32. e4 Bg7 33. Nf3 h6 34. h4 (34. Re3 $17 {was necessary.}) 34... Be6 $19 35. Kg3 {[#]} Bd5 $1 {[%cal Re7e4][%mdl 512]} 36. e5 (36. exd5 Rxe2) 36... Rf7 37. Re3 $2 (37. Nd2 {was the only chance.}) 37... Bxf3 38. Rxf3 cxd4 39. Nxd4 {Threatening Rxf7.} Rxe5 40. Ref1 Rxf3+ 41. Rxf3 {[%mdl 4096] Endgame KRB-KRN} Re4 42. Nxb5 Be5+ ({Don't play} 42... Bxb2 43. Nc3 $19) 43. Kf2 Bxb2 44. h5 g5 45. Re3 Rxg4 46. Re8+ (46. Re6 $142) 46... Kg7 47. Re7+ Kf8 48. Rb7 c3 49. Rc7 Rh4 {Hoping for ...c2.} 50. Nxc3 (50. Kg2 $142) 50... Bxa3 51. Nd5 Bc5+ ({Much less strong is} 51... Rxh5 52. Nxb6 Rh2+ 53. Ke3 $19) 52. Kg2 Rxh5 53. Nf6 $2 {[#]} (53. Rc6) 53... Rh2+ $1 {[%mdl 512] Precision: White = 48%, Black = 83%.} 0-1